000 00645nam a2200241Ia 4500
001 37687
005 20240114001941.0
007 ta
008 070615s1914 a g b000 u 465 u
040 _aCotton College,Assam
041 _a465
082 _a943.1
_bAr 43 P
100 _aAngell, Norman .
245 0 _aPrussianism and Its Destruction /
_cNorman Angell.
_hTextual Documents
250 _a1st ed. /
260 _aLondon :
_bWilliam Heinemann Ltd. ,
_c1914.
300 _a240p. :
_bill ;
_c18cm .
653 _aPrussianism-History
653 _aG-History
942 _2ddc
_cBK
999 _c37663
_d37663